كتاب أزهار الأفكار في جواهر الأحجار / (Record no. 6779)

MARC details
000 -الفاتح
حقل البيانات ثابتة الطول 01625nac a22002891i 4500
003 - محدد رقم الضبط
رقم الضبط EG-ScBUE
005 - وقت وتاريخ اخر تعامل مع التسجيلة
رقم الضبط 20260513092416.0
008 - عناصر البيانات ثابتة الطول - معلومات عامة
حقل البيانات ثابتة الطول 101128s1977 ua a fr 000 0 ara d
017 ## - رقم الإيداع القانونى
رقم الإيداع القانونى 1977 / 2142
020 ## - الرقم الدولى المعيارى للكتب
الرقم الدولى المعيارى للكتاب 9772012502
040 ## - مصدر الفهرسة
وكالة الفهرسة الأصلية EG-ScBUE
لغة الفهرسة ara
قواعد الوصف rda
وكالة النسخ EG-ScBUE
وكالة التعديل EG-ScBUE
082 04 - رقم تصنيف ديوى العشرى
رقم التصنيف 553.5
رقم المادة ت ي ف
رقم الطبعة 22
100 1# - المدخل الرئيسى - إسم شخصى
الإسم الشخصى التيفاشي، أحمد بن يوسف،
التواريخ المصاحبة للاسم 580-651 هـ.،
9 (RLIN) 21348
الدور مؤلف.
245 10 - بيان العنوان
العنوان كتاب أزهار الأفكار في جواهر الأحجار /
بيان المسئوليه,etc لأحمد بن يوسف التيفاشي المتوفى عام 651 هـ ؛ حققه وعلق عليه وشرحه الدكتور محمد يوسف حسن، أستاذ الجيولوجيا، وعميد كلية العلوم، جامعة الأزهر، الدكتور محمود بسيوني خفاجي، رئيس قسم الجيولوجيا، كلية العلوم، جامعة الأزهر.
264 #1 - النشر، التوزيع
مكان الناشر او الموزع القاهرة :
اسم الناشر او الموزع الهيئة المصرية العامة للكتاب،
تاريخ النشر أو التوزيع 1977.
300 ## - الوصف المادى
التعداد 327 صفحة :
تفاصيل ماديه اخرى للوعاء إيضاحيات ؛
أبعاد الوعاء 24 سم.
336 ## - نوع المحتوى
source rdacontent
Carrier Type Term نص
Content Type Code txt
337 ## - نوع الوسيط
Media Type Term بدون وسيط
source rdamedia
Media Type Code n
338 ## - نوع الحامل أو الناقل
Carrier Type Term مجلد
Carrier Type Code nc
source rdacarrier
490 0# - بيان السلسلة
عنوان السلسلة مطبوعات مركز تحقيق التراث.
-- سلسلة الجيولوجيا عند العرب ؛
رقم المجلد/ التعيين التسلسلي 1
500 ## - تبصرة عامة
تبصرة عامة يشتمل على حواشي.
650 #7 - المدخل الاضافى بالموضوع-مصطلح موضوعى
مصطلح موضوعي أو اسم جغرافي كعنصر مدخل الأحجار.
9 (RLIN) 21538
مصدر الرأس أو المصطلح BUEsh
655 ## - مصطلح تكشيفى-نوع/شكل
التقسيم الفرعي الشكلي Reading book
700 1# - المدخل الاضافى - اسم شخصى
الإسم الشخصى حسن، محمد يوسف،
9 (RLIN) 21350
الدور محقق،
-- معلق،
-- شارح.
700 1# - المدخل الاضافى - اسم شخصى
الإسم الشخصى خفاجي، محمود بسيوني،
9 (RLIN) 21349
الدور محقق،
-- معلق،
-- شارح.
942 ## - عناصر المدخل الإضافي( كوها)
Koha [default] item type Book - Borrowing
سابقة رقم الطلب 553.5 ت ي ف
مصدر التصنيف او مخطط الترفيف Dewey Decimal Classification
Holdings
حالة التراجع حالة الفقد مصدر التصنيف او خطة الترفيف حالة تلف ليس للاعارة مجموعات كوها المكان الدائم المكان الحالي موقع الترفيف تاريخ الاكتساب Source of acquisition رقم الاستدعاء الباركود Date last seen نوع الوعاء
    Dewey Decimal Classification     Alef-Baa Central Library Central Library First floor 04/12/2007   553.5 ت ي ف 000008430 15/07/2025 Book - Borrowing